[Event "Match"]
[Site "www.echecsemail.com"]
[Date "2015.04.23"]
[Round "1"]
[White "Cbaumhauer"]
[Black "Gaspard"]
[WhiteElo "1989"]
[BlackElo "1760"]
[Result "0-1"]
[Round "1"]
1.e4 e5
2.f4 Qd8h4
3.g3 Qh4f6
4.Ng1f3 exf4
5.Bf1c4 fxg3
6.O-O gxh2
7.Kh1 d6
8.e5 dxe5
9.Nf3xe5 Bc8f5
10.d3 Ng8h6
11.Bc1xh6 gxh6
12.Nb1c3 Bf8e7
13.Nc3d5 Qf6xe5
14.Rf1e1 Qe5d6
15.Nd5xe7 Bf5e6
16.Ne7d5 Nb8d7
17.Re1xe6 fxe6
18.Qd1h5 Kd8
19.Qh5h4 Kc8
20.Nd5e7 Kb8
21.Ra1e1 Nd7e5
22.Bc4b3 Rh8e8
23.Qh4f6 Qd6xe7
24.Qf6xe5 a6
25.Bb3xe6 Qe7d6
26.Qe5e3 b6
27.Qe3xh6 Ka7
28.Re1e4 Re8e7
29.Qh6h3 Ra8e8
30.Be6f5 Re7xe4
31.Bf5xe4 Re8g8
32.Be4g2 h6
33.Qh3f3 Rg8b8
34.a3 c6
35.b4 Rb8e8
36.Qf3f2 Re8f8
37.Qf2e3 Rf8f6
38.a4 Rf6e6
39.Qe3f2 Qd6xb4
40.a5 Qb4e1
41.Qf2xe1 Re6xe1
42.Kxh2 c5
{ resign }
0-1

[Event "Match"]
[Site "www.echecsemail.com"]
[Date "2015.04.23"]
[Round "1"]
[White "Andradamaria"]
[Black "Nestor"]
[WhiteElo "2119"]
[BlackElo "2170"]
[Result "0-1"]
[Round "1"]
1.d4 d5
2.c4 Ng8f6
3.cxd5 Nf6xd5
4.Ng1f3 g6
5.e4 Nd5f6
6.Bf1d3 Bf8g7
7.h3 O-O
8.O-O Nb8c6
9.Bd3c2 Nc6b4
10.e5 Nf6d5
11.Bc2e4 Bc8e6
12.a3 Nb4c6
13.Qd1c2 f6
14.Nb1c3 fxe5
15.dxe5 Nc6xe5
16.Rf1d1 c6
17.Bc1f4 Rf8xf4
18.Be4xd5 cxd5
{ resign }
0-1

[Event "Match"]
[Site "www.echecsemail.com"]
[Date "2015.04.23"]
[Round "1"]
[White "F14"]
[Black "Hrob71"]
[WhiteElo "1900"]
[BlackElo "2050"]
[Result "0-1"]
[Round "1"]
1.e4 e5
2.Ng1f3 Nb8c6
3.d4 exd4
4.Nf3xd4 Bf8c5
5.Bc1e3 Qd8f6
6.c3 d5
7.exd5 Nc6xd4
8.cxd4 Bc5b4
9.Nb1c3 Bc8d7
10.Bf1e2 Ng8e7
11.O-O Bb4xc3
12.bxc3 Ne7xd5
13.Ra1c1 O-O
14.Be2f3 c6
15.Bf3xd5 cxd5
16.Qd1b3 Bd7c6
17.c4 Rf8d8
18.c5 Rd8e8
19.a4 a6
20.a5 Re8e7
21.Rc1b1 Ra8e8
22.Qb3b2 Re7e4
23.Qb2e2 Qf6xd4
24.h3 Qd4xc5
25.Qe2a2 Qc5e7
26.Rb1c1 d4
27.Be3d2 Re4e2
28.Rc1c2 Qe7e4
29.f3 Qe4g6
30.Rf1f2 h6
31.Kf1 d3
32.Rc2b2 Re2xf2
33.Kxf2 Re8e2
{ resign }
0-1

[Event "Match"]
[Site "www.echecsemail.com"]
[Date "2015.04.23"]
[Round "1"]
[White "Xkafi"]
[Black "Nestor"]
[WhiteElo "1910"]
[BlackElo "2150"]
[Result "1-0"]
[Round "1"]
1.e4 Ng8f6
2.Qd1f3 e5
3.Nb1c3 Bf8c5
4.Nc3d5 Nf6xd5
5.exd5 O-O
6.Bf1c4 d6
7.a4 Qd8h4
8.d3 Bc8g4
9.Qf3g3 Qh4h5
10.c3 f5
11.h3 Bg4d1
12.b4 f4
13.Bc1xf4 Rf8xf4
14.bxc5 Bd1c2
15.Ng1e2 Nb8d7
16.Ne2xf4 exf4
17.Qg3g4 Qh5e5
18.Kd2 Nd7f6
19.Qg4e6 Kf8
20.Qe6xe5 dxe5
21.Kxc2 Ra8d8
22.Rh1e1 Nf6xd5
23.Re1xe5 Nd5e7
24.Ra1e1 { resign }
1-0

[Event "Fast Game"]
[Site "www.echecsemail.com"]
[Date "2015.04.23"]
[Round "1"]
[White "Bluetealeaf"]
[Black "Battlejanson"]
[WhiteElo "1399"]
[BlackElo "1599"]
[Result "0-1"]
[Round "1"]
1.e4 c5
2.Qd1f3 d6
3.Bf1b5 Nb8d7
4.Bb5xd7 Qd8xd7
5.c4 Ng8f6
6.Nb1c3 g6
7.Ng1h3 Qd7g4
8.Qf3xg4 Bc8xg4
9.f3 Bg4xh3
10.gxh3 Bf8g7
11.Nc3b5 O-O
12.h4 Nf6h5
13.Nb5c7 Ra8c8
14.Nc7d5 Rf8e8
15.d3 e6
16.Nd5f4 Nh5xf4
17.Bc1xf4 Bg7xb2
18.Ra1b1 Bb2c3
19.Ke2 e5
20.Bf4g5 Rc8b8
21.Rb1b3 Bc3a5
22.Bg5h6 f6
23.Rh1g1 Kf7
24.h5 g5
25.h4 Re8g8
26.hxg5 fxg5
27.Rb3b5 Ba5d8
28.a4 b6
29.a5 Kf6
30.Rg1g4 Rb8b7
31.a6 Rb7e7
32.d4 Re7e6
33.dxe5 dxe5
34.Rb5b1 Kf7
35.Bh6xg5 Rg8xg5
36.Rg4xg5 Bd8xg5
37.Rb1d1 Ke7
38.Rd1d5 Bg5f4
39.Kd3 Re6d6
40.Rd5xd6 Kxd6
41.Ke2 Ke6
42.Kf2 Kf6
43.Kg2 Kg5
44.h6 Kxh6
45.Kh3 Kh5
46.Kg2 Kh4
47.Kg1 Kg3
{ resign }
0-1

[Event "Tourn. n8113"]
[Site "www.chess-mail.com"]
[Date "2015.04.23"]
[Round "1"]
[White "Greghghs"]
[Black "Woodpusher2"]
[WhiteElo "2390"]
[BlackElo "2570"]
[Result "0-1"]
[Round "1"]
1.d4 Ng8f6
2.c4 c5
3.d5 e6
4.Nb1c3 exd5
5.cxd5 d6
6.e4 g6
7.Bf1d3 Bf8g7
8.Ng1e2 O-O
9.O-O b6
10.Bc1g5 h6
11.Bg5h4 Bc8a6
12.Bd3xa6 Nb8xa6
13.Qd1d3 Na6c7
14.Ra1e1 b5
15.Nc3d1 Ra8b8
16.f3 Nc7a6
17.Ne2c1 Qd8c7
18.Qd3d2 Nf6d7
19.Bh4g3 c4
20.Nd1f2 b4
21.Nc1e2 c3
22.Qd2f4 cxb2
23.Qf4xd6 Qc7b7
24.Qd6f4 Rb8c8
25.Qf4d2 Bg7c3
26.Qd2e3 Qb7b6
27.Qe3xb6 Nd7xb6
28.Re1b1 Na6c5
29.Nf2d1 Nc5a4
30.Bg3f4 Bc3g7
31.Bf4d6 Rf8e8
32.Bd6xb4 Nb6xd5
33.Bb4a3 Rc8c2
34.Rf1e1 Nd5b6
35.Nd1e3 Rc2c6
36.g4 Re8d8
37.Re1d1 Rd8xd1
38.Rb1xd1 Bg7f8
{ resign }
0-1

[Event "Tourn. n8001"]
[Site "www.chess-mail.com"]
[Date "2015.04.23"]
[Round "1"]
[White "Winterlude"]
[Black "Stepanpech"]
[WhiteElo "2540"]
[BlackElo "2420"]
[Result "1/2-1/2"]
[Round "1"]
1.e4 e5
2.f4 Bf8c5
3.Ng1f3 d6
4.Nb1c3 Ng8f6
5.Bf1c4 Nb8c6
6.d3 Bc8g4
7.Nc3a4 Bc5b6
8.Bc4b5 O-O
9.Bb5xc6 bxc6
10.h3 Bg4xf3
11.Qd1xf3 Qd8e7
12.f5 d5
13.Bc1d2 Rf8d8
14.O-O-O dxe4
15.dxe4 Rd8d4
16.Na4c3 Ra8d8
17.Bd2g5 h6
18.Bg5h4 Bb6a5
19.Nc3b1 Rd4xd1
20.Rh1xd1 Rd8xd1
21.Qf3xd1 Qe7c5
22.Bh4xf6 Qc5e3
23.Nb1d2 Ba5xd2
24.Qd1xd2 Qe3g1
25.Qd2d1 Qg1e3
26.Qd1d2 Qe3g1
27.Qd2d1 { draw }
1/2-1/2

[Event "Match"]
[Site "www.echecsemail.com"]
[Date "2015.04.23"]
[Round "1"]
[White "Calponas"]
[Black "Razorboy"]
[WhiteElo "2020"]
[BlackElo "1890"]
[Result "1/2-1/2"]
[Round "1"]
1.e4 e5
2.Ng1f3 Nb8c6
3.Bf1c4 d6
4.h3 Ng8f6
5.Nf3g5 Bc8e6
6.Ng5xe6 fxe6
7.Bc4xe6 Nc6d4
8.Be6b3 Nf6xe4
9.Qd1g4 Ne4f6
10.Qg4g3 c5
11.Nb1c3 g6
12.d3 b6
13.Bc1g5 Bf8e7
14.O-O-O b5
15.Bg5xf6 Be7xf6
16.Bb3d5 Ra8b8
17.Rh1e1 b4
18.Nc3e4 Bf6h4
19.Qg3g4 Rb8b5
20.g3 Bh4f6
21.Ne4xf6 Qd8xf6
22.Qg4c8 Ke7
23.Qc8c7 Kf8
24.f4 Qf6e7
25.Qc7xe7 Kxe7
26.fxe5 dxe5
27.Bd5c4 Rb5b6
28.Re1xe5 Kd6
29.Re5e6 Nd4xe6
30.Rd1e1 Ne6g5
31.h4 Ng5f3
32.Re1f1 Nf3d4
33.Rf1f6 Kc7
34.Rf6f7 Kd6
35.Rf7f6 Kc7
36.Rf6f7 Kc6
37.Rf7f6 Kc7
38.Rf6f7 Kc6
39.Rf7f6 Kd7
40.Rf6f7 Ke8
41.Rf7xa7 Rh8f8
42.Ra7a8 Ke7
43.Ra8a7 Ke8
44.Ra7a8 Ke7
45.Ra8a7 Ke8
46.Ra7a8 Ke7
47.Ra8a7 Kd6
48.Ra7xh7 
1/2-1/2

[Event "Match"]
[Site "www.echecsemail.com"]
[Date "2015.04.23"]
[Round "1"]
[White "Harrytheking"]
[Black "Pare123"]
[WhiteElo "1690"]
[BlackElo "1950"]
[Result "0-1"]
[Round "1"]
1.c4 e5
2.e4 Bf8c5
3.Ng1h3 h6
4.a3 a5
5.Nb1c3 Ng8f6
6.d3 d6
7.Bf1e2 Nb8c6
8.Nc3b5 Bc8xh3
9.gxh3 Nc6d4
10.Nb5xd4 Bc5xd4
11.Qd1a4 c6
12.Qa4b3 Qd8d7
13.Be2f1 b5
14.cxb5 cxb5
15.Bf1g2 O-O
16.Bc1e3 a4
17.Qb3a2 Qd7a7
18.Be3xd4 Qa7xd4
19.Bg2f1 Nf6h5
20.Ra1c1 Nh5f4
21.Qa2b1 Ra8c8
22.Rc1d1 b4
23.f3 bxa3
24.bxa3 Qd4c3
25.Kf2 Rc8b8
26.Qb1c1 Qc3xc1
27.Rd1xc1 Rb8b3
28.Rc1c4 Rb3xa3
29.h4 Rf8b8
30.d4 Rb8b2
31.Kg3 h5
32.Rc4c8 Kh7
33.dxe5 dxe5
34.Rc8e8 f6
35.Bf1c4 Rb2g2

0-1

[Event "Match"]
[Site "www.echecsemail.com"]
[Date "2015.04.23"]
[Round "1"]
[White "Reanna"]
[Black "Gambitchess"]
[WhiteElo "1610"]
[BlackElo "1690"]
[Result "0-1"]
[Round "1"]
1.c4 e6
2.d4 d5
3.e3 Ng8f6
4.Ng1f3 c5
5.Nb1c3 cxd4
6.exd4 Bf8e7
7.Bf1e2 O-O
8.O-O Nb8c6
9.c5 Nf6e4
10.Nc3xe4 dxe4
11.Bc1e3 exf3
12.Be2xf3 Bc8d7
13.Bf3e4 Qd8c7
14.Qd1g4 f5
15.Be4xf5 exf5
16.Qg4e2 f4
17.a3 fxe3
18.fxe3 Rf8xf1
19.Ra1xf1 Ra8f8
20.Qe2c4 Kh8
21.b4 Rf8xf1
22.Qc4xf1 Be7f6
23.Qf1c4 Qc7d8
24.d5 Nc6e5
25.Qc4e2 Bd7g4
26.Qe2b5 Qd8d7
27.c6 bxc6
28.Qb5b8 Qd7d8
29.Qb8xa7 Qd8xd5
30.Qa7b8 Qd5d8
31.Qb8b6 Qd8xb6
{ resign }
0-1

[Event "Tourn. n8201"]
[Site "www.chess-mail.com"]
[Date "2015.04.23"]
[Round "1"]
[White "Fred"]
[Black "Bojan"]
[WhiteElo "1940"]
[BlackElo "1960"]
[Result "1-0"]
[Round "1"]
1.e4 c5
2.f4 e6
3.Ng1f3 h6
4.e5 a6
5.c3 b5
6.d3 d6
7.Bc1e3 Nb8c6
8.Nb1d2 f6
9.Bf1e2 dxe5
10.fxe5 fxe5
11.O-O Bf8e7
12.Nd2e4 Ng8f6
13.Ne4xc5 Nf6g4
14.Qd1d2 Ng4xe3
15.Qd2xe3 Qd8c7
16.Nf3xe5 Nc6xe5
17.d4 a5
18.Be2xb5 Kd8
19.Ra1d1 Bc8d7
20.Bb5xd7 Ne5xd7
21.Nc5xe6 { resign }
1-0

[Event "Match"]
[Site "www.echecsemail.com"]
[Date "2015.04.23"]
[Round "1"]
[White "Matuisgman"]
[Black "Xandersonx"]
[WhiteElo "1339"]
[BlackElo "1849"]
[Result "0-1"]
[Round "1"]
1.Ng1f3 e6
2.Nb1c3 c6
3.b4 a5
4.a3 axb4
5.Bc1b2 bxc3
6.Bb2xc3 f6
7.e4 d5
8.Bf1d3 Ng8e7
9.Qd1e2 Nb8d7
10.a4 b5
11.a5 f5
12.exd5 Ne7xd5
13.Nf3d4 Nd7b8
14.Nd4xe6 Bc8xe6
15.Qe2xe6 Qd8e7
16.Qe6xe7 Nd5xe7
17.g4 fxg4
18.Rh1g1 h5
19.f3 Nb8d7
20.fxg4 hxg4
21.Rg1xg4 Rh8xh2
22.Rg4g1 Nd7c5
23.Bd3xb5 cxb5
24.Bc3e5 Rh2h5
25.Be5d6 Ne7c8
26.Bd6c7 Ra8a6
27.Rg1g4 Rh5h1
28.Kf2 Rh1xa1
29.Rg4g1 Ra6f6
30.Ke2 Ra1xg1
31.a6 Rg1g2
32.Kd1 Rf6f1

0-1

[Event "Match"]
[Site "www.echecsemail.com"]
[Date "2015.04.23"]
[Round "1"]
[White "Roqueur"]
[Black "Nimzo"]
[WhiteElo "2590"]
[BlackElo "2690"]
[Result "0-1"]
[Round "1"]
1.e4 e6
2.d4 d5
3.Nb1c3 Ng8f6
4.Bc1g5 dxe4
5.Nc3xe4 Bf8e7
6.Bg5xf6 gxf6
7.Ng1f3 f5
8.Ne4c3 a6
9.Qd1e2 b5
10.O-O-O b4
11.Nc3a4 Qd8d5
12.Qe2c4 Bc8b7
13.Qc4xc7 Be7d6
14.Qc7c4 Nb8d7
15.Qc4xd5 Bb7xd5
16.Bf1e2 Bd5c6
17.b3 Ke7
18.Na4b2 Bd6f4
19.Kb1 Nd7f6
20.Nb2d3 Bf4d6
21.Kb2 Ra8c8
22.Nd3e5 Bc6e4
23.Nf3g5 Rc8xc2
{ resign }
0-1

[Event "Tourn. n8122"]
[Site "www.chess-mail.com"]
[Date "2015.04.24"]
[Round "1"]
[White "Odrum1"]
[Black "Iko"]
[WhiteElo "1410"]
[BlackElo "1520"]
[Result "0-1"]
[Round "1"]
1.e4 e5
2.Ng1f3 d6
3.d4 Bc8g4
4.Bf1e2 Ng8f6
5.Nb1c3 Nb8c6
6.d5 Nc6b4
7.Bc1e3 c5
8.Be2b5 Nf6d7
9.h3 Bg4xf3
10.gxf3 a6
11.Bb5a4 b5
12.O-O bxa4
13.Nc3xa4 Qd8h4
14.Kh2 a5
15.c3 Nb4a6
16.b4 axb4
17.Rf1g1 bxc3
18.Na4xc3 Bf8e7
19.Nc3b5 Ra8b8
20.a4 Nd7b6
21.Rg1xg7 Nb6c4
22.Rg7g1 Nc4xe3
23.fxe3 Qh4f2
24.Kh1 Qf2xe3
25.Rg1e1 Qe3f2
26.Re1f1 Qf2g3
27.Qd1e2 Qg3xh3
28.Qe2h2 Qh3xh2
29.Kxh2 Rh8g8
30.Ra1b1 Na6b4
31.Nb5c7 Kd7
32.Nc7a6 Nb4xa6
33.a5 Rb8xb1
34.Rf1xb1 Be7d8
35.Rb1b7 Bd8c7
36.Rb7a7 Na6b4
{ resign }
0-1

[Event "Tourn. n8124"]
[Site "www.chess-mail.com"]
[Date "2015.04.24"]
[Round "1"]
[White "Chessexpert"]
[Black "Tenzinnima"]
[WhiteElo "1600"]
[BlackElo "1890"]
[Result "1-0"]
[Round "1"]
1.c4 c5
2.Nb1c3 Nb8c6
3.Ng1f3 Ng8f6
4.d4 cxd4
5.Nf3xd4 e6
6.a3 d5
7.e3 Bf8d6
8.Nd4xc6  { time }
1-0

[Event "Tourn. n8126"]
[Site "www.chess-mail.com"]
[Date "2015.04.24"]
[Round "1"]
[White "Thetrolldoll"]
[Black "Pariolinius"]
[WhiteElo "1840"]
[BlackElo "1920"]
[Result "0-1"]
[Round "1"]
1.d4 d5
2.c4 e6
3.Nb1c3 Ng8f6
4.cxd5 exd5
5.Bc1g5 Bf8e7
6.e3 O-O
7.Qd1c2 c6
8.Bf1d3 Nb8d7
9.Ng1e2 c5
10.Bg5xf6 Nd7xf6
11.Ne2f4 c4
12.Bd3e2 Bc8d7
13.Nf4xd5 b5
14.Be2f3 Be7d6
15.Nd5xf6 Qd8xf6
16.Bf3xa8 Rf8xa8
17.Nc3e4 Qf6g6
18.O-O-O Bd7f5
19.f3 a5
20.g4 Bf5d7
21.Ne4xd6 Qg6xd6
22.h4 Qd6g3
23.Qc2e2 Ra8e8
24.Rd1g1 Qg3d6
25.Kb1 a4
 { time }
0-1

[Event "Tourn. n8093"]
[Site "www.chess-mail.com"]
[Date "2015.04.24"]
[Round "1"]
[White "Libiesse"]
[Black "Generalfree"]
[WhiteElo "1920"]
[BlackElo "1820"]
[Result "1-0"]
[Round "1"]
1.d4 e6
2.c4 c5
3.d5 exd5
4.cxd5 h6
5.Nb1c3 a6
6.Ng1f3 b5
7.a3 d6
8.e4 g5
9.h3 Bf8g7
10.Bf1e2 Bc8d7
11.O-O g4
12.hxg4 Bd7xg4
13.Nf3h2 Bg4xe2
14.Nc3xe2 Ng8f6
15.f3 Nb8d7
16.Bc1f4 Qd8b6
17.Bf4e3 Nd7e5
18.b4 Ne5c4
19.Be3f2 Nc4b2
20.Qd1c2 Nb2c4
21.bxc5 dxc5
22.Rf1b1 Nf6d7
23.Ra1a2 Ra8c8
24.Nh2g4 Qb6a5
25.Bf2e1 Qa5c7
26.Be1g3 Nd7e5
27.Ng4xe5 Bg7xe5
28.Bg3xe5 Qc7xe5
29.Qc2c3 Qe5xc3
30.Ne2xc3 O-O
31.Kf2 Nc4e5
32.f4 Ne5d3
33.Ke3 c4
34.Rb1h1 Kh7
35.g4 Kg6
36.Rh1h5 f6
37.Nc3e2 a5
38.Ne2d4 b4
39.axb4 axb4
40.Ra2a7 b3
41.f5 
1-0

[Event "Match"]
[Site "www.echecsemail.com"]
[Date "2015.04.24"]
[Round "1"]
[White "Paco"]
[Black "F14"]
[WhiteElo "1850"]
[BlackElo "1820"]
[Result "0-1"]
[Round "1"]
1.e4 e5
2.Ng1f3 Nb8c6
3.Bf1c4 Bf8e7
4.d3 Ng8f6
5.Nf3g5 O-O
6.Bc1d2 d5
7.exd5 Nf6xd5
8.h4 h6
9.Ng5e4 f5
10.Ne4c3 Bc8e6
11.Qd1f3 Nc6d4
12.Qf3d1 Nd5xc3
13.Bd2xc3 Be6xc4
14.dxc4 c5
15.Nb1a3 Be7xh4
16.g3 Bh4g5
17.Bc3d2 Bg5xd2
18.Kf1 Bd2g5
19.c3 Nd4c6
20.Qd1b3 b6
21.Na3b5 a6
22.Nb5a3 Qd8d3
23.Kg2 e4
24.Qb3xb6 Qd3f3
25.Kg1 e3
26.Rh1h2 exf2
27.Rh2xf2 Qf3xg3
28.Rf2g2 Bg5e3
29.Kh1 Qg3f3
30.Qb6c7 Rf8f7
31.Qc7d6 Rf7f6
32.Qd6c7 Rf6g6
33.Qc7h2 Be3f4
34.Qh2g1 Qf3h3
35.Rg2h2 Rg6xg1
36.Kxg1 Qh3xh2
{ resign }
0-1

[Event "Match"]
[Site "www.echecsemail.com"]
[Date "2015.04.24"]
[Round "1"]
[White "Wwgia"]
[Black "Razorboy"]
[WhiteElo "2040"]
[BlackElo "1880"]
[Result "0-1"]
[Round "1"]
1.b3 Nb8c6
2.Bc1b2 d6
3.e3 e5
4.Bf1b5 Ng8e7
5.Ng1e2 a6
6.Bb5xc6 Ne7xc6
7.O-O Bc8g4
8.h3 Bg4xe2
9.Qd1xe2 Nc6b4
10.d3 Qd8d7
11.a3 Nb4d5
12.Nb1d2 O-O-O
13.c4 Nd5f6
14.e4 g6
15.f4 Nf6h5
 { time }
0-1

[Event "Match"]
[Site "www.echecsemail.com"]
[Date "2015.04.24"]
[Round "1"]
[White "Norbos"]
[Black "Nugun"]
[WhiteElo "1630"]
[BlackElo "1600"]
[Result "0-1"]
[Round "1"]
1.e4 c6
2.d3 d5
3.Nb1c3 Ng8f6
4.Qd1e2 e5
5.Ng1f3 Bc8e6
6.Nf3xe5 Bf8d6
7.Bc1f4 Qd8a5
8.O-O-O O-O
9.Qe2f3 g6
10.d4 dxe4
11.Nc3xe4 Be6d5
12.a3 Nf6xe4
13.Bf4h6 Ne4g5
14.Qf3f6 Ng5e6
15.Rh1g1 Qa5d8
16.Ne5g4 Nb8d7
17.Qf6xd8 Rf8xd8
18.Bf1d3 g5
19.g3 Rd8e8
20.Rd1f1 b6
21.h4 Bd6e7
22.f4 f6
23.f5 Ne6xd4
24.hxg5 fxg5
25.Kb1 a5
26.Rf1e1 Nd4f3
27.f6 Be7c5
28.Re1xe8 Ra8xe8
29.Rg1d1 Nf3d2
{ resign }
0-1

[Event "Match"]
[Site "www.echecsemail.com"]
[Date "2015.04.24"]
[Round "1"]
[White "Manolinex"]
[Black "Jacks"]
[WhiteElo "2700"]
[BlackElo "2870"]
[Result "1/2-1/2"]
[Round "1"]
1.e4 e5
2.Ng1f3 Nb8c6
3.Bf1b5 Ng8f6
4.O-O Nf6xe4
5.Rf1e1 Ne4d6
6.Nf3xe5 Bf8e7
7.Bb5f1 Nc6xe5
8.Re1xe5 O-O
9.d4 Be7f6
10.Re5e1 Rf8e8
11.c3 Re8xe1
12.Qd1xe1 Nd6e8
13.Bc1f4 d5
14.Bf1d3 g6
15.Nb1d2 Ne8g7
16.Nd2f3 Bc8f5
17.Bd3xf5 Ng7xf5
18.Qe1d2 c6
19.Ra1e1 Qd8d7
20.Nf3e5 Bf6xe5
21.Bf4xe5 Ra8e8
22.f3 Nf5g7
23.Qd2g5 Re8e6
{ draw }
1/2-1/2

[Event "Match"]
[Site "www.echecsemail.com"]
[Date "2015.04.24"]
[Round "1"]
[White "Generalfree"]
[Black "Guidom"]
[WhiteElo "1800"]
[BlackElo "2060"]
[Result "1-0"]
[Round "1"]
1.e4 e5
2.Ng1f3 Nb8c6
3.Bf1b5 a6
4.Bb5xc6 dxc6
5.Nf3xe5 Qd8d4
6.Ne5g4 Qd4xe4
7.Ng4e3 Bf8c5
8.Nb1c3 Qe4g6
9.Qd1f3 Bc8e6
10.d3 Ng8f6
11.Bc1d2 O-O-O
12.O-O-O Nf6d5
13.h3 Nd5xc3
14.Bd2xc3 Bc5xe3
15.fxe3 Be6xa2
16.b3 Ba2xb3
17.cxb3 f6
18.e4 Rh8e8
19.Rh1g1 Qg6f7
20.Kc2 c5
21.Qf3f5 Kb8
22.Qf5xh7 Rd8d6
23.Rg1f1 Rd6b6
24.Rd1b1 Qf7e7
25.Rf1e1 Qe7d7
26.Re1d1 Ka7
27.d4 c4
28.bxc4 Qd7a4
29.Kd3 Rb6e6
30.Rd1e1 Re6c6
31.Rb1b4 Qa4a2
32.Re1e2 Qa2a3
33.Re2b2 b5
34.c5 Re8e7
35.Kc2 Rc6e6
36.Rb2b3 Qa3a2
37.Rb3b2 Qa2a1
38.Rb2b1 Qa1a2
39.Bc3b2 Re6xe4
40.Rb1d1 Qa2d5
41.Bb2c3 Re4e2
42.Rd1d2 Qd5xg2
43.Rb4b1 g6
44.Qh7xe7 { resign }
1-0

[Event "Match"]
[Site "www.echecsemail.com"]
[Date "2015.04.24"]
[Round "1"]
[White "Mitja"]
[Black "Bojan"]
[WhiteElo "1560"]
[BlackElo "2000"]
[Result "1-0"]
[Round "1"]
1.d4 d5
2.h3 g6
3.Bc1g5 Bf8g7
4.Nb1c3 Nb8c6
5.Ng1f3 f6
6.Bg5f4 Bc8f5
7.Nc3b5 e5
8.dxe5 fxe5
9.Bf4g5 Ng8e7
10.c3 a6
11.Nb5a3 Qd8d6
12.Qd1d2 h6
13.Bg5xe7 Kxe7
14.e3 Bf5e6
15.Na3c2 Bg7f6
16.Nc2b4 Nc6xb4
17.cxb4 e4
18.Nf3d4 Be6d7
19.Bf1e2 Ra8c8
20.a3 c5
21.bxc5 Rc8xc5
22.b4 Rc5c7
23.Ra1c1 Rh8c8
24.Rc1xc7 Rc8xc7
25.O-O Qd6b6
26.Rf1d1 Bd7e8
27.f3 Be8a4
28.Rd1c1 Rc7d7
29.Be2d1 Ba4xd1
30.Qd2xd1 exf3
31.gxf3 Qb6d6
32.Qd1e1 Qd6e5
33.Kg2 Qe5h5
34.Rc1c8 Bf6h4
35.Qe1c1 Qh5g5
36.Kf1 Qg5g3
37.Qc1c5 Rd7d6
38.Qc5c7 Kf6
39.Ke2 Qg3e1
40.Kd3 Qe1d1
41.Kc3 Qd1c1
42.Kd3 Qc1xa3
43.Ke2 Qa3b2
44.Kd3 Qb2b1
45.Qc7c2 Qb1xb4
46.Rc8f8 Ke7
47.Rf8c8 Qb4b6
48.f4 Rd6d7
49.Ke2 Kf7
50.Kf3 Bh4f6
51.f5 g5
52.Nd4e6 Qb6d6
53.Rc8f8 Ke7
54.Qc2c8 { resign }
1-0

[Event "Match"]
[Site "www.echecsemail.com"]
[Date "2015.04.24"]
[Round "1"]
[White "Silent1"]
[Black "Arnpriorite"]
[WhiteElo "1950"]
[BlackElo "2210"]
[Result "0-1"]
[Round "1"]
1.d4 Ng8f6
2.c4 g6
3.Nb1c3 Bf8g7
4.e3 O-O
5.Bf1d3 d6
6.Ng1f3 Bc8g4
7.O-O Nb8d7
8.Bd3e2 c5
9.d5 a6
10.Nf3h4 Bg4xe2
11.Qd1xe2 Qd8c7
12.Nh4f3 Rf8e8
13.Qe2c2 Nd7f8
14.Ra1b1 e5
15.e4 Nf6h5
16.Bc1e3 Nh5f4
17.Be3xf4 exf4
18.Rf1e1 Nf8d7
19.Nc3e2 Nd7e5
20.Nf3xe5 Bg7xe5
21.b4 cxb4
22.Rb1xb4 b5
23.Re1c1 Qc7a5
24.Rb4b1 bxc4
25.Qc2xc4 Qa5d2
26.Rc1d1 Qd2a5
27.Ne2c1 Ra8c8
28.Qc4e2 Rc8c7
29.Nc1b3 Qa5a4
30.f3 Re8c8
31.h3 Rc7c2
32.Qe2f1 Qa4xa2
33.Nb3d4 Rc2d2
34.Rd1xd2 Qa2xd2
35.Nd4c6 Rc8e8
36.Nc6xe5 dxe5
37.Qf1xa6 Qd2d4
38.Kh2 Qd4c5
39.Qa6b5 Qc5e7
40.d6 Qe7e6
41.Rb1d1 Re8d8
42.d7 Kf8
43.Qb5c5 Qe6e7
44.Qc5xe7 Kxe7
45.Kg1 Rd8xd7
46.Rd1xd7 Kxd7
47.Kf2 Ke6
48.g3 fxg3
49.Kxg3 f5
50.Kh4 Kf6
51.Kg3 h6
52.exf5 gxf5
53.h4 h5
54.Kf2 Ke6
55.Ke3 Kd5
56.Kd3 Kc5
57.Kc3 Kb5
58.Kd3 Kb4
59.Ke3 Kc3
60.f4 e4
61.Ke2 Kd4
62.Kd2 e3
63.Ke2 Ke4
64.Ke1 Kxf4
65.Ke2 Ke4
66.Ke1 Kf3
67.Kf1 e2
68.Ke1 f4
{ resign }
0-1

[Event "1/8 Finale"]
[Site "www.chess-mail.com"]
[Date "2015.04.24"]
[Round "1"]
[White "Schwiizer"]
[Black "Fjpv"]
[WhiteElo "2680"]
[BlackElo "2560"]
[Result "1-0"]
[Round "1"]
1.e4 e5
2.Ng1f3 Ng8f6
3.Nf3xe5 d6
4.Ne5f3 Nf6xe4
5.d4 d5
6.Bf1d3 Nb8c6
7.O-O Bf8e7
8.c4 Nc6b4
9.cxd5 Nb4xd5
10.Bd3xe4 c6
11.Nb1c3 O-O
12.Rf1e1 Bc8e6
13.Nc3xd5 cxd5
14.Be4d3 Be7f6
15.Qd1b3 Qd8e7
16.Bc1f4 g6
17.Bf4e5 Bf6g7
18.Be5xg7 Kxg7
19.Re1e5 a6
20.Nf3g5 Ra8e8
21.Ra1e1 Qe7d7
22.h4 b5
23.h5 Be6g4
24.Qb3b4 Kg8
25.h6 Bg4e6
26.Qb4d2 Qd7d6
27.Qd2e3 Kh8
28.Qe3f3 Qd6e7
29.Qf3f4 Re8d8
30.Bd3e2 Rd8d7
31.Re5e3 Kg8
32.Qf4e5 f6
33.Qe5xe6 Qe7xe6
34.Ng5xe6 Rf8e8
35.Be2f3 a5
36.Ne6c5 Re8xe3
37.Re1xe3 Rd7d8
38.Re3e7 Kf8
39.Re7xh7 Kg8
40.Rh7g7 Kh8
41.Nc5d7 { resign }
1-0

[Event "Eq:Slap Shot Mates-The League Of Gentlemen : "]
[Site "www.chess-mail.com"]
[Date "2015.04.24"]
[Round "1"]
[White "Umzi"]
[Black "Mustaphly"]
[WhiteElo "2080"]
[BlackElo "2670"]
[Result "0-1"]
[Round "1"]
1.e4 c5
2.Ng1f3 d6
3.c3 Ng8f6
4.d3 g6
5.Bf1e2 Bf8g7
6.h3 O-O
7.Bc1e3 Nb8d7
8.Nb1d2 b6
9.Nd2f1 Qd8c7
10.g4 Bc8b7
11.Nf1g3 d5
12.exd5 Nf6xd5
13.Be3d2 Ra8d8
14.Rh1g1 Nd7e5
15.Nf3xe5 Qc7xe5
16.Kf1 Qe5c7
17.h4 c4
18.d4 e5
19.dxe5 Bg7xe5
20.Qd1c1 Nd5f4
21.Bd2xf4 Be5xf4
22.Qc1b1 Rf8e8
23.b3 Rd8d2
24.Be2xc4 Rd2xf2
{ resign }
0-1

[Event "Eq:Slap Shot Mates-Los Tercios : "]
[Site "www.chess-mail.com"]
[Date "2015.04.24"]
[Round "1"]
[White "Karkaskat"]
[Black "Echo314"]
[WhiteElo "2380"]
[BlackElo "2720"]
[Result "0-1"]
[Round "1"]
1.e4 c5
2.Nb1c3 d6
3.g3 a6
4.Bf1g2 Ng8f6
5.f4 g6
6.d3 Bf8g7
7.Ng1f3 Nb8c6
8.Bc1e3 O-O
9.O-O Qd8b6
10.Ra1b1 Nf6g4
11.Nc3d5 Qb6a7
12.Qd1e2 e6
13.Nd5c3 Ng4xe3
14.Qe2xe3 Bg7d4
15.Nf3xd4 cxd4
{ resign }
0-1

[Event "Eq:Angolana Scacchi-Cats in the rain : "]
[Site "www.chess-mail.com"]
[Date "2015.04.24"]
[Round "1"]
[White "Amaya"]
[Black "Malbertan"]
[WhiteElo "2040"]
[BlackElo "1970"]
[Result "0-1"]
[Round "1"]
1.d4 Ng8f6
2.e3 c5
3.c3 d5
4.Bf1d3 Nb8c6
5.Nb1d2 e5
6.Ng1e2 Bf8d6
7.O-O e4
8.Bd3c2 c4
9.f3 exf3
10.Rf1xf3 Bc8g4
11.Qd1f1 Bg4xf3
12.Qf1xf3 O-O
13.Qf3h3 Nc6e7
14.e4 Nf6xe4
15.Nd2xe4 dxe4
16.Bc2xe4 Ne7g6
17.Bc1f4 Bd6xf4
18.Ne2xf4 Qd8c7
19.Nf4xg6 fxg6
20.Ra1e1 Qc7f4
21.Be4f3 Qf4d2
22.Re1f1 Qd2xb2
23.Qh3e6 Kh8
24.Qe6xc4 Ra8c8
25.Qc4d5 Qb2xc3
26.Bf3g4 Qc3e3
{ resign }
0-1

[Event "Fast Game"]
[Site "www.echecsemail.com"]
[Date "2015.04.24"]
[Round "1"]
[White "Anja"]
[Black "Biagio"]
[WhiteElo "1729"]
[BlackElo "1890"]
[Result "1-0"]
[Round "1"]
1.d4 d5
2.Ng1f3 Ng8f6
3.Bc1f4 c5
4.e3 Nb8c6
5.c3 Qd8b6
6.Qd1b3 c4
7.Qb3xb6 axb6
8.Nb1d2 b5
9.Bf1e2 Bc8f5
10.O-O b4
11.a3 b3
12.Nf3e5 e6
13.Be2f3 Bf8e7
14.Ne5xc6 bxc6
15.Nd2xc4 { resign }
1-0

[Event "Tourn. n8063"]
[Site "www.chess-mail.com"]
[Date "2015.04.25"]
[Round "1"]
[White "Comrade"]
[Black "Difficult"]
[WhiteElo "2170"]
[BlackElo "2100"]
[Result "1/2-1/2"]
[Round "1"]
1.c4 e6
2.Nb1c3 d5
3.d4 Ng8f6
4.Bc1g5 Bf8e7
5.Ng1f3 O-O
6.e3 c6
7.Bf1d3 Nb8d7
8.O-O dxc4
9.Bd3xc4 b5
10.Bc4d3 a6
11.Qd1c2 Bc8b7
12.Nc3e4 h6
13.Bg5xf6 Nd7xf6
14.Ne4xf6 Be7xf6
15.Ra1c1 Ra8c8
16.Bd3e4 Qd8b6
17.Qc2c5 Qb6xc5
18.Rc1xc5 Bf6e7
19.Rc5c2 f5
20.Be4d3 c5
21.dxc5 Rc8xc5
22.Rf1c1 Rf8c8
23.Nf3d4 Rc5xc2
24.Rc1xc2 Rc8xc2
25.Bd3xc2 Bb7d5
{ draw }
1/2-1/2

[Event "Tourn. n8083"]
[Site "www.chess-mail.com"]
[Date "2015.04.25"]
[Round "1"]
[White "Fabos12"]
[Black "Kollipaa"]
[WhiteElo "1900"]
[BlackElo "2020"]
[Result "0-1"]
[Round "1"]
1.e4 b6
2.Nb1c3 Bc8b7
3.f4 d6
4.Ng1f3 Nb8d7
5.d4 c5
6.d5 g6
7.Bf1b5 a6
8.Bb5xd7 Qd8xd7
9.e5 e6
10.O-O Bf8g7
11.exd6 Qd7xd6
12.dxe6 Qd6xd1
13.Rf1xd1 Bb7xf3
14.exf7 Kxf7
15.gxf3 Bg7d4
16.Kg2 Ng8e7
17.Nc3e4 h6
18.c3 Bd4g7
19.Rd1d7 Rh8d8
20.Ne4d6 Ke6
21.Rd7xd8 Ra8xd8
22.Nd6c4 b5
23.Nc4e5 Rd8d1
24.b3 g5
25.Bc1b2 Rd1d2
26.Kg3 Rd2xb2
27.Ra1e1 gxf4
28.Kxf4 Ne7d5
29.Kg4 Bg7xe5
 { time }
0-1